Jump into Science : (Record no. 11925)
[ view plain ]
| 000 -LEADER | |
|---|---|
| fixed length control field | 00590nam a22001937a 4500 |
| 003 - CONTROL NUMBER IDENTIFIER | |
| control field | OSt |
| 005 - DATE AND TIME OF LATEST TRANSACTION | |
| control field | 20140310182328.0 |
| 008 - FIXED-LENGTH DATA ELEMENTS--GENERAL INFORMATION | |
| fixed length control field | 130921t xxu||||| |||| 00| 0 eng d |
| 050 ## - LIBRARY OF CONGRESS CALL NUMBER | |
| Classification number | LB 1139.5.S35 |
| Item number | .P53 2009 |
| 082 ## - DEWEY DECIMAL CLASSIFICATION NUMBER | |
| Classification number | GS 372.35 |
| Item number | .P58 2009 |
| 100 ## - MAIN ENTRY--PERSONAL NAME | |
| Personal name | Pica, Rae |
| 9 (RLIN) | 21311 |
| 245 ## - TITLE STATEMENT | |
| Title | Jump into Science : |
| Remainder of title | active learning for preschool children / |
| Statement of responsibility, etc | Rae Pica |
| 260 ## - PUBLICATION, DISTRIBUTION, ETC. (IMPRINT) | |
| Place of publication, distribution, etc | Beltsville : |
| Name of publisher, distributor, etc | Gryphon House, |
| Date of publication, distribution, etc | 2009. |
| 300 ## - PHYSICAL DESCRIPTION | |
| Extent | 131 p. : |
| Other physical details | ill, ; |
| Dimensions | 28 cm. |
| 541 ## - IMMEDIATE SOURCE OF ACQUISITION NOTE | |
| -- | 1 |
| 562 ## - COPY AND VERSION IDENTIFICATION NOTE | |
| Number of copies | 1 |
| 650 ## - SUBJECT ADDED ENTRY--TOPICAL TERM | |
| Topical term or geographic name as entry element | Science |
| General subdivision | Study and teaching (Early childhood). |
| 9 (RLIN) | 21321 |
| 942 ## - ADDED ENTRY ELEMENTS (KOHA) | |
| Source of classification or shelving scheme | Library of Congress Classification |
| Koha item type | |
| Withdrawn status | Lost status | Source of classification or shelving scheme | Damaged status | Home library | Current library | Shelving location | Date acquired | Total Checkouts | Full call number | Barcode | Date last seen | Copy number | Price effective from | Koha item type |
|---|---|---|---|---|---|---|---|---|---|---|---|---|---|---|
| Library of Congress Classification | Luxembourg Library | Luxembourg Library | Grade School Section | 09/21/2013 | LB 1139.5.S35 .P53 2009 | 17537 | 09/21/2013 | 1 | 09/21/2013 | Books |